000 00500nam a22001817a 4500
003 AR-RoIUNI
005 20220224115918.0
008 220224b xxu||||| |||| 00| 0 spa d
020 _a9789872865443
040 _cIUNIR
080 _a616
245 _aDiscursiones :
_bensayos psicoanalíticos /
_cJuan Fransisco Cammardella ...[et al.]
260 _aRosario :
_bUna piraña ediciones,
_c2019
300 _a190 p .
650 _aPsicología
_9108
650 _aPsicoanalisís
942 _2cdu
_cBK
999 _c5383
_d5383